LIBRARY & INFORMATION CENTRE, KCAET, TAVANUR

ONLINE PUBLIC ACCESS CATALOGUE (OPAC)

Paryaya nanartha manjari / (Record no. 4518)

MARC details
000 -LEADER
fixed length control field 00391cam a2200145ua 4500
041 ## - LANGUAGE CODE
Language code of text/sound track or separate title mal
082 ## - DEWEY DECIMAL CLASSIFICATION NUMBER
Classification number 494.8123
Item number NAR/PA
100 ## - MAIN ENTRY--AUTHOR NAME
Personal name Narayana Pillai, M R .
245 ## - TITLE STATEMENT
Title Paryaya nanartha manjari /
260 ## - PUBLICATION, DISTRIBUTION, ETC. (IMPRINT)
Place of publication Kottayam :
Name of publisher Sahitya Pravarthaka Co-operative Society.
300 ## - PHYSICAL DESCRIPTION
Number of Pages 221 ; .
942 ## - ADDED ENTRY ELEMENTS (KOHA)
Koha item type Books
Holdings
Withdrawn status Lost status Damaged status Home library Current library Date acquired Full call number Accession Number Koha item type
Withdrawn     KAUAET Malayalam University 07/04/2012 494.8123 117 Books
free website counter